Measurement for evaluation in physical education and exercise science (Бичлэгийн дугаар. 145340)
| 000 -УДИРДЛАГА | |
|---|---|
| Удирдлага | 00825nam a22002537a 4500 |
| 003 - ХЯНАЛТЫН ТОО ТОДОРХОЙЛОГЧ | |
| Код | MN-UlNUM |
| 005 - БИЧИЛТ ХИЙСЭН ОГНОО | |
| Тухайн бичилтийг бичсэн засварласан сүүлийн огноо | 20251106101737.0 |
| 008 - ЕРӨНХИЙ МЭДЭЭЛЭЛ | |
| Ерөнхий мэдээлэл | 251106b2003 mauab||| |||| 001 0 eng d |
| 020 ## - ISBN | |
| ISBN | 0072461837 |
| 040 ## - БИЧЛЭГ ҮҮСГЭГЧ БАЙГУУЛЛАГА | |
| Бичлэг үүсгэгч номын сангийн код | МУИС-ийн номын сан |
| 084 ## - ББК АНГИЛАЛ | |
| Нэмэлт тусгалт | Нэг сэдэвт бүтээл |
| ББК ангилал | 51.204.0 |
| Зохиогчийн гурван тэмдэгт | M 45 |
| Мэдлэгийн ялгаа | 5 - Эрүүлийг хамгаалах анагаах |
| 245 00 - ҮНДСЭН ГАРЧИГ | |
| Номын нэр | Measurement for evaluation in physical education and exercise science |
| Оролцогчдын тухай мэдээ | Ted A. Baumgartner ... [et al.]. |
| 250 ## - ДАХИН ХЭВЛЭЛТ | |
| Дахин гаралтын дугаар | 7th ed. |
| 260 ## - ГАРАЛТЫН МЭДЭЭ | |
| Хэвлэгдсэн газар | Boston : |
| Хэвлэлийн газар | McGraw-Hill, |
| Хэвлэгдсэн он | 2003. |
| 300 ## - МАТЕРИАЛЫН ТОДОРХОЙЛОЛТ | |
| хуудасны тоо | xviii, 540 p. : |
| Бусад тоон мэдээлэл | ill. ; |
| Хэмжээ | 24 cm. |
| 500 ## - Тайлбар | |
| Дансны дугаар | БС 1926 |
| 546 ## - ХЭЛНИЙ ТУХАЙ МЭДЭЭ | |
| Хэл | Англи хэл дээр, |
| 653 ## - Түлхүүр үг | |
| Түлхүүр үг | Physical fitness $x Testing. |
| 653 ## - Түлхүүр үг | |
| Түлхүүр үг | Physical education and training. |
| 700 1# - ХАМ ЗОХИОГЧИД | |
| Ба бус | Baumgartner, Ted A. |
| 700 1# - ХАМ ЗОХИОГЧИД | |
| Ба бус | Baumgartner, Ted A. $t Measurement for evaluation in physical education and exercise science. |
| 942 ## - ЭЛЕМЕНТИЙН ТӨРӨЛ | |
| Зүйлийн төрөл | Ном |
